| 000 | 00987nas a2200301 4500 | ||
|---|---|---|---|
| 001 | BR2018000559 | ||
| 003 | BR-BrBNA | ||
| 005 | 20231205131249.0 | ||
| 007 | ta | ||
| 008 | 230509b bl.|||p| |||| 00| 00por d | ||
| 040 |
_aBR-BrBNA _bpor _cBiblioteca Nacional de Agricultura |
||
| 041 | _a(En) | ||
| 072 | _aF50; F01; P33 | ||
| 100 | 1 | _aPereira, L.E.T. | |
| 100 | 1 | _aHerling, V.R. | |
| 100 | 1 | _aAvanzi, J.C. | |
| 100 | 1 | _aSilva, S.C. da | |
| 245 | 1 | _aMorphogenetic and structural characteristics of signal grass in response to liming and defoliation severity | |
| 650 | _aCAPIM BRACHIARIA | ||
| 650 | _aGRAMÍNEA TROPICAL | ||
| 650 | _aMORFOLOGIA VEGETAL | ||
| 650 | _aCALAGEM | ||
| 650 | _aCORTE | ||
| 773 | 0 |
_tPesquisa Agropecuária Tropical (Brazil) _xISSN 1983-4063 _g(Jan-Mar 2018), v. 48(1) p. 1-11 _wBR2018000559 |
|
| 856 | 4 | 0 | _uhttp://www.scielo.br/pdf/pat/v48n1/1983-4063-pat-48-01-0001.pdf |
| 909 |
_a202311 _bLúcia _c55 _dLúcia Elande |
||
| 942 |
_2AGRIS _n0 _cANA |
||
| 999 |
_c253867 _d253867 |
||